| 000 | 00522nam a22002177a 4500 | ||
|---|---|---|---|
| 003 | Nust | ||
| 005 | 20211216102518.0 | ||
| 008 | 170120b xxu||||| |||| 00| 0 eng d | ||
| 020 | _a97881-265-28769 | ||
| 038 | _aKhadija | ||
| 040 | _c. | ||
| 082 |
_a670.427 _bASF |
||
| 100 |
_aAsfahl Ray C. _986708 |
||
| 245 |
_aRobots and Manufacturing Automation / _cC. Ray Asfahl |
||
| 250 | _a2nd | ||
| 260 |
_aNew Delhi _bJohn wiley _c2011. |
||
| 300 | _a487.p; | ||
| 500 | _aPaperback. | ||
| 563 | _aPB | ||
| 942 |
_cBK _2ddc |
||
| 999 |
_c32350 _d32350 |
||